000 01257cam a22003377a 4500
003 CHAP
005 20220329133818.0
008 971013s1980 r 00010 d
010 _a11249
011 _a12221
035 _a14514
040 _cCHAP
082 _a633.2
_bP75
100 0 0 _aPrins, W. H.
_eed.
_991658
245 1 4 _aThe role of nitrogen in intensive grassland production
_b: proceedings of an international symposium...
260 _aWageningen :
_bCentre for Agricultural Publishing and Documentation,
_c1980
300 _a171 p.
590 _aBATCH-UPD
_b10
_c20130110
_lUCH01
_h2045
590 _aBATCH-UPD
_b10
_c20130410
_lUCH01
_h1359
590 _aBATCH-UPD
_b10
_c20130914
_lUCH01
_h0611
590 _aCONVERSION
_b10
_c20130109
_lUCH01
_h1307
650 1 4 _aNitrĂ³geno
_xEfecto en pastos.
_981455
650 1 4 _aPastizales
_xCongresos.
_985930
700 0 _aArnold, G. H.
_97266
710 0 _aEuropean Grassland Federation.
_938888
710 0 _aInternational Symposium of the European Grassland Federation (1980 : Wageningen, Netherlands)
_959868
901 _aBK
942 _cLIBRO
949 _a633.2 I58 1980
_bZ
_cLIBRO
_d-26662
_eLIBRO
_h284
_i14514
_si
949 _a633.2 P75
_bBC
_cLIBRO
_d33724000214581
_eLIBRO
_h58359
_i14514
_si
_t786.00
999 _c11249
_d11249